Gemeinden Landkreis Cham - Statistiken

Allgemein
  • Dieses Quiz wurde 69 mal gespielt
  • Das Durchschnittsergebnis liegt bei 23 aus 39
Antwortstatistiken
Einwohner Gemeindeart Gemeinde % Korrekt
16.990 Stadt, Kreisstadt Cham
96%
7.480 Stadt Bad Kötzting
84%
9.084 Stadt Furth im Wald
84%
12.142 Stadt Roding
82%
2.877 Gemeinde Wald
82%
6.677 Stadt Waldmünchen
76%
3.396 Stadt Rötz
69%
3.399 Markt Falkenstein
67%
2.650 Markt Lam
67%
1.917 Gemeinde Hohenwarth
63%
2.433 Gemeinde Arrach
61%
4.208 Gemeinde Traitsching
61%
2.589 Gemeinde Chamerau
59%
1.726 Gemeinde Michelsneukirchen
59%
3.696 Markt Neukirchen beim Heiligen Blut
59%
2.768 Gemeinde Schorndorf
59%
1.989 Gemeinde Zandt
59%
1.998 Gemeinde Arnschwang
57%
1.841 Gemeinde Lohberg
57%
2.309 Gemeinde Miltach
57%
980 Gemeinde Pösing
57%
3.355 Markt Eschlkam
55%
2.236 Markt Stamsried
55%
2.484 Gemeinde Weiding
55%
1.972 Gemeinde Blaibach
53%
1.503 Gemeinde Grafenwiesen
53%
1.923 Gemeinde Tiefenbach
51%
1.830 Gemeinde Zell
51%
2.303 Gemeinde Runding
49%
1.824 Gemeinde Rimbach
47%
2.253 Gemeinde Walderbach
47%
904 Gemeinde Gleißenberg
45%
2.241 Gemeinde Pemfling
45%
1.837 Gemeinde Rettenbach
45%
2.015 Gemeinde Waffenbrunn
43%
1.977 Gemeinde Willmering
43%
1.934 Gemeinde Schönthal
39%
942 Gemeinde Treffelstein
39%
1.316 Gemeinde Reichenbach
37%
Keine übereinstimmenden Quizze gefunden
Verteilung der Resultate
Anzahl Personen mit jedem Resultat
Perzentil nach korrekt beantworteten Fragen
Ihre Resultats-Entwicklung
Sie haben dieses Quiz noch nicht gespielt